| 000 | 00719nam a2200229 a 4500 | ||
|---|---|---|---|
| 001 | BRCA_6199 | ||
| 005 | 20190320205352.0 | ||
| 008 | 120711s1924----u--a######---#000-1#eng-# | ||
| 041 | _aeng | ||
| 044 | _au | ||
| 050 | 4 |
_aPZ3 J323 _b.R36 1924 |
|
| 245 | 1 | 0 |
_aRamona _ba story _cHelen Jackson |
| 260 |
_aBoston _bL. Brown _c1924 |
||
| 300 |
_a457 p. _bil. _c19 cm. |
||
| 500 | _aCon una nota al reverso del frontispicio: Isabel M. de Díaz Ribín, Los Angeles, Cal., Sept. de 1925 | ||
| 500 | _aEstado físico: cubierta anterior y las primeras páginas se están desprendiendo | ||
| 500 | _aI59 | ||
| 650 | 1 | 4 |
_aLiteratura estadounidense _915595 |
| 710 | 2 |
_aJackson, Helen _915596 |
|
| 902 | _aGFM | ||
| 942 |
_2lcc _cB |
||
| 999 |
_c5886 _d5886 |
||